Història / Polibi ; text revisat i traducció de Antoni Ramon i Arrufat

por Polibi

Publicado: Barcelona : Fundació Bernat Metge , 1929
Descripción Física: 2 v. ; 22 cm
Materias: Història

MARC

LEADER 00000nam a2200000Ia 4500
001 761, 762
003 BGR
005 20260324175629.0
008 160829s1929 - 1935 xx 000 0 cat d
080 |a H-1-303, H-1-304 
100 |a Polibi  |9 35821 
245 |a Història / Polibi ; text revisat i traducció de Antoni Ramon i Arrufat 
260 |a Barcelona :  |b Fundació Bernat Metge,  |c 1929 - 1935 
300 |a 2 v. ;  |c 22 cm 
650 |a Història  |9 34449 
700 |a Ramon i Arrufat, Antoni, rev. i tr.   |9 35822 
710 2 |a Fundació Bernat Metge  |9 70964 
901 |a Arxiu 
942 |n 1  |2 udc  |c MON 
952 |0 0  |1 0  |4 0  |6 H1303_H1304  |7 1  |9 47088  |a Arxiu  |b Arxiu  |d 2016-12-01  |l 0  |o H-1-303, H-1-304  |p 761, 762  |r 2016-12-01 00:00:00  |w 2016-12-01  |y ARXIU 
999 |c 50882  |d 50882